Chefs d'état-major des armées - Statistiques

Statistiques générales
  • Ce quiz a été pris 33 fois
  • Le résultat moyen est 5 sur 28
Statistiques - réponses
Dates Réponse % Correct
2014 - 2017 Pierre de Villiers
82%
2017 - 2021 François Lecointre
59%
2021 - Thierry Burkhard
59%
1991 - 1995 Jacques Lanxade
27%
2006 - 2010 Jean-Louis Georgelin
27%
1944 - 1947 Alphonse Juin
23%
1952 - 1953 Alphonse Juin
23%
2010 - 2014 Édouard Guillaud
23%
1987 - 1991 Maurice Schmitt
14%
1958 - 1959 Paul Ély
14%
1981 - 1985 Jeannou Lacaze
14%
1995 - 1998 Jean-Philippe Douin
14%
1998 - 2002 Jean-Pierre Kelche
14%
1953 - 1954 Paul Ély
14%
1956 - 1958 Paul Ély
14%
1962 - 1968 Charles Ailleret
9%
1975 - 1980 Guy Méry
9%
1985 - 1987 Jean Saulnier
9%
1968 - 1971 Michel Fourquet
9%
1961 - 1962 André Martin
5%
1954 - 1956 Augustin Guillaume
5%
1951 - 1952 Charles Léchères
5%
1943 - 1944 Antoine Béthouart
5%
1980 - 1981 Claude Vanbremeersch
5%
1959 - 1961 Gaston Lavaud
5%
1971 - 1975 François Maurin
5%
2002 - 2006 Henri Bétengeat
5%
1958 Henri Lorillot
5%
Aucun quiz correspondant
Distribution des résultats
% des personnes avec chaque résultat
Percentile par nombre de réponses
Votre historique - résultats
Vous n’avez pas pris ce quiz